Design and implementation of voice logging system for air traffic control (Record no. 322725)

000 -LEADER
fixed length control field 00439 a2200133 4500
001 - CONTROL NUMBER
control field 87652
082 ## - DEWEY DECIMAL CLASSIFICATION NUMBER
Classification number PR 29
090 ## - LOCALLY ASSIGNED LC-TYPE CALL NUMBER (OCLC); LOCAL CALL NUMBER (RLIN)
-- 41110
-- 41110
100 ## - MAIN ENTRY--PERSONAL NAME
Personal name Zohaib Hassan, Plt Off 15487 70(B) EC
245 ## - TITLE STATEMENT
Title Design and implementation of voice logging system for air traffic control
260 ## - PUBLICATION, DISTRIBUTION, ETC.
Place of publication, distribution, etc. Risalpur
Name of publisher, distributor, etc. CAE PAF Academy Risalpur
Date of publication, distribution, etc. 2011
300 ## - PHYSICAL DESCRIPTION
Extent viii, 37p.
Accompanying material Mansoor Ahsan, Sqn Ldr, Rashid Mehmood, Sqn Ldr
500 ## - GENERAL NOTE
General note BE Project Reports
942 ## - ADDED ENTRY ELEMENTS (KOHA)
Institution code [OBSOLETE] CAE NUST
Call number prefix PR 29
Holdings
Withdrawn status Lost status Damaged status Not for loan Collection code Permanent Location Current Location Date acquired Total Checkouts Full call number Barcode Date last seen Price effective from Koha item type
          College of Aeronautical Engineering (CAE) College of Aeronautical Engineering (CAE) 04/03/2017   PR 29 CAEPR-29 04/05/2017 04/05/2017 Book
© 2023 Central Library, National University of Sciences and Technology. All Rights Reserved.